[Event "57.SMM ASD Arci BZ 1-ASD Arci BZ 2"]
[Site "Bolzano"]
[Date "2025.11.08"]
[Round "1.1"]
[White "Bodrov, Timofey"]
[Black "Olivetti, Davide"]
[Result "1-0"]
[WhiteElo "2110"]
[BlackElo "2221"]
[PlyCount "75"]
[EventDate "2025.??.??"]

{[%evp 0,75,25,25,64,64,67,67,57,60,58,38,36,36,44,24,31,47,35,38,32,43,27,0,13,6,12,-33,3,-57,-75,-70,-93,-169,-133,-138,-138,-159,-160,-125,-163,-186,-133,-207,-207,-234,-219,-219,-58,-45,-49,-44,-10,-23,-19,0,66,66,52,53,62,31,119,60,108,107,101,101,131,110,110,139,137,190,179,295,638,707]} 1. e4 c6 2. d4 d5 3. e5 Bf5 4. Nf3 e6 5. Be2 Nd7 6. O-O h6 7. Be3 Ne7 8. Nbd2 Bh7 9. Nb3 g5 10. Ne1 Nf5 11. Bh5 Be7 12. c3 O-O 13. Bd2 f6 14. f4 fxe5 15. fxe5 c5 16. Nc2 Qb6 17. dxc5 Nxc5 18. Nbd4 Nxd4 19. Nxd4 Qxb2 20. Bf3 Ne4 21. Bxe4 Rxf1+ 22. Kxf1 Bxe4 23. Nxe6 Rf8+ 24. Nxf8 Bxf8 25. Rc1 Qb5+ 26. c4 dxc4 27. Bc3 Ba3 28. Qd8+ Kh7 29. Rd1 Bd3+ 30. Kg1 Qc6 31. Re1 Qe6 32. Qc7+ Qe7 33. Qb8 Bc5+ 34. Kh1 Bf2 35. Rd1 Kg6 36. Qg8+ Kh5 37. e6 Bg6 38. g4+ 1-0

[Event "57.SMM ASD Arci BZ 1-ASD Arci BZ 2"]
[Site "Bolzano"]
[Date "2025.11.08"]
[Round "1.2"]
[White "Perino, Alberto"]
[Black "Perli, Tommaso"]
[Result "1-0"]
[WhiteElo "2022"]
[BlackElo "1958"]
[PlyCount "121"]
[EventDate "2025.11.08"]

{[%evp 0,121,25,13,28,28,31,-30,-29,-29,-31,-35,8,23,28,22,62,49,53,7,43,33,48,42,42,44,59,51,49,51,68,74,95,74,74,54,54,62,57,59,59,64,63,51,39,48,58,65,109,67,85,74,134,141,160,152,254,174,197,191,177,178,186,189,185,163,233,231,210,198,194,214,225,235,235,197,262,219,190,226,234,219,232,197,230,232,272,286,283,266,261,261,261,294,298,199,198,182,200,202,331,468,456,323,562,318,317,329,329,291,426,275,289,341,701,732,1002,1103,1479,1570,1749,1450,2465,28059]} 1. e4 e5 2. Nc3 Nf6 3. g3 Bc5 4. Bg2 O-O 5. Nge2 c6 6. O-O Bb6 7. d4 exd4 8. Nxd4 d5 9. exd5 Nxd5 10. Nxd5 cxd5 11. Be3 Nc6 12. c3 h6 13. Re1 Re8 14. Qa4 Bd7 15. Qb3 Ne7 16. Nb5 Be6 17. Bxb6 Qxb6 18. Nd4 Qxb3 19. axb3 Nc6 20. Nb5 Re7 21. b4 a6 22. Red1 Rd8 23. Nd4 Ne5 24. Rd2 Ree8 25. Re1 Nc4 26. Rde2 Rd6 27. Bh3 a5 28. bxa5 Nxa5 29. Nxe6 fxe6 30. Rxe6 Rdxe6 31. Bxe6+ Kh8 32. f4 g6 33. Kf2 Rd8 34. Rd1 Nc4 35. b3 Nb6 36. c4 d4 37. c5 Na8 38. b4 Kg7 39. Bc4 Nc7 40. Kf3 Kf6 41. g4 Rd7 42. h4 g5 43. fxg5+ hxg5 44. h5 Ke5 45. Re1+ Kf6 46. Re2 d3 47. Rd2 Rd4 48. Bxd3 Ne6 49. h6 Nf4 50. Ke3 Rxb4 51. Rh2 Nd5+ 52. Kf3 Rf4+ 53. Kg3 Rd4 54. Bf5 Ne3 55. Rh1 Nxf5+ 56. gxf5 Rd8 57. h7 Rh8 58. Kg4 Kf7 59. Kxg5 Kg7 60. Rh6 Kf7 61. Rb6 1-0

[Event "57.SMM ASD Arci BZ 1-ASD Arci BZ 2"]
[Site "Bolzano"]
[Date "2025.11.08"]
[Round "1.3"]
[White "Terletskyi, Oleh"]
[Black "Zammarchi, Massimo"]
[Result "0-1"]
[WhiteElo "1913"]
[BlackElo "1993"]
[PlyCount "56"]
[EventDate "2025.11.08"]

{[%evp 0,56,25,28,13,13,13,13,13,-4,12,-47,-57,-73,-23,-47,-27,-26,-16,-17,-14,-11,-9,-36,-16,-62,-6,-64,-7,0,0,-20,-30,-45,-53,-94,-80,-113,-114,-106,-74,-78,-46,-189,-81,-99,-12,-774,-773,-783,-836,-1127,-895,-947,-919,-939,-966,-2203,-1372]} 1. e4 e5 2. Nc3 Nf6 3. Bc4 Nc6 4. d3 Bc5 5. f4 d6 6. f5 Nd4 7. Nf3 c6 8. Nxd4 Bxd4 9. Qf3 b5 10. Bb3 Bb7 11. Bg5 h6 12. Bh4 Qa5 13. Qg3 Bxc3+ 14. bxc3 Qxc3+ 15. Ke2 Kf8 16. Bxf6 gxf6 17. Rhe1 Rg8 18. Qh3 Ke7 19. Kf1 Rg5 20. a4 b4 21. Qxh6 Rag8 22. g3 Qd2 23. Rad1 Rxf5+ 24. exf5 Qxh6 25. d4 Qh3+ 26. Kg1 c5 27. d5 Ba6 28. Re4 Rxg3+ 0-1

[Event "57.SMM ASD Arci BZ 1-ASD Arci BZ 2"]
[Site "Bolzano"]
[Date "2025.11.08"]
[Round "1.4"]
[White "De Vita, Gianni"]
[Black "Addante, Francesco"]
[Result "1/2-1/2"]
[WhiteElo "1968"]
[BlackElo "1874"]
[PlyCount "128"]
[EventDate "2025.11.08"]

{[%evp 0,128,28,13,32,36,58,60,56,56,57,54,54,47,51,44,86,74,59,70,53,47,47,11,-9,-2,-2,-7,5,0,2,0,9,-3,-5,-1,3,-20,12,-4,-16,-24,-10,-27,-8,-22,-18,-83,30,17,16,6,4,14,14,10,17,17,23,-125,-138,-141,-125,-186,-159,-112,-106,-120,-126,-122,-123,-126,-134,-125,-111,-108,-101,-104,-130,-138,-76,-108,-104,-109,-107,-112,-89,-100,-107,-112,-136,-136,-137,-136,-89,-136,-93,-94,-90,-88,-88,-172,-79,-126,-176,-134,-100,-100,-105,-113,-134,-113,-134,-113,-138,-138,0,0,0,0,0,0,0,0,0,0,0,0,0,0,0]} 1. e4 d5 2. exd5 Qxd5 3. Nc3 Qa5 4. d4 Nf6 5. Nf3 Bf5 6. Bc4 e6 7. Bd2 Bb4 8. a3 Bxc3 9. Bxc3 Qb6 10. O-O Nc6 11. Ne5 O-O 12. Nxc6 Qxc6 13. Bd3 Bxd3 14. Qxd3 Rad8 15. Rfe1 Rd5 16. Qf3 Rfd8 17. Re5 Qb6 18. Rae1 h6 19. g3 Qc6 20. Rxd5 Rxd5 21. Qg2 Qa4 22. f3 a5 23. Re5 b5 24. Qd2 b4 25. axb4 axb4 26. Bxb4 Qa1+ 27. Kg2 Qxb2 28. Qc3 Qa2 29. Be7 Rxe5 30. dxe5 Nd5 31. Qc5 Nxe7 32. Qxe7 Qxc2+ 33. Kh3 Qf5+ 34. Kg2 Qxe5 35. Qe8+ Kh7 36. Qxf7 c5 37. h4 Qf5 38. Qc7 Qc2+ 39. Kf1 c4 40. Qe5 Qd1+ 41. Kf2 Qd2+ 42. Qe2 Qd5 43. Qc2+ Kg8 44. Qg6 c3 45. Qc2 Qc5+ 46. Ke2 Qb5+ 47. Ke3 Qc5+ 48. Kd3 Qf5+ 49. Kxc3 Qxf3+ 50. Kd4 Qg4+ 51. Ke5 Qxg3+ 52. Kxe6 Qe1+ 53. Kd6 Qb4+ 54. Ke5 Qe7+ 55. Kd5 Qf7+ 56. Ke5 Qe7+ 57. Kd5 Qxh4 58. Qc8+ Kh7 59. Qf5+ Kg8 60. Qc8+ Kf7 61. Qe6+ Kf8 62. Qc8+ Ke7 63. Qc7+ Kf8 64. Qc8+ Kf7 1/2-1/2

[Event "57.SMM ASD Arci BZ 1-ASD Arci BZ 2"]
[Site "Bolzano"]
[Date "2025.11.08"]
[Round "1.5"]
[White "Puechler, Ruben"]
[Black "Benvenuto, Alexander"]
[Result "0-1"]
[WhiteElo "1842"]
[BlackElo "1805"]
[PlyCount "66"]
[EventDate "2025.11.08"]

{[%evp 0,66,20,13,13,13,12,17,25,29,120,111,104,91,69,58,127,46,50,25,21,10,40,22,48,-10,7,-34,-65,-70,-57,-50,-79,-86,-83,-75,-82,-116,-123,-124,-112,-112,-114,-151,-166,-194,-194,-368,-108,-114,-116,-135,-141,-316,-325,-341,-324,-653,-653,-665,-679,-697,-698,-763,-195,-610,-618,-644,-624]} 1. e4 e5 2. Nf3 Nf6 3. d4 exd4 4. e5 Nd5 5. Qxd4 Nb6 6. Nc3 Nc6 7. Qe3 Nb4 8. Bd3 Nxd3+ 9. cxd3 Be7 10. Bd2 d6 11. exd6 Qxd6 12. Nb5 Qd8 13. Qe5 O-O 14. O-O c6 15. Nc3 Bf6 16. Qg3 Qxd3 17. Rad1 Qg6 18. Qf4 Bh3 19. Ng5 Bf5 20. Nge4 Bxe4 21. Nxe4 Bxb2 22. Bb4 Nd5 23. Qd2 Nxb4 24. Qxb4 Be5 25. f4 Bc7 26. Qxb7 Bb6+ 27. Nf2 Qc2 28. Rd7 Rab8 29. Qa6 Bxf2+ 30. Rxf2 Rb1+ 31. Rf1 Rfb8 32. Rc7 Rxf1+ 33. Qxf1 g6 0-1

[Event "57.SMM ASD Arci BZ 1-ASD Arci BZ 2"]
[Site "Bolzano"]
[Date "2025.11.08"]
[Round "1.6"]
[White "Reyna, Sandor"]
[Black "Mantuano, Nathan"]
[Result "1-0"]
[WhiteElo "1905"]
[BlackElo "1650"]
[PlyCount "95"]
[EventDate "2025.11.08"]

{[%evp 0,95,20,-13,35,34,32,34,30,30,27,15,14,12,8,-3,0,-25,-15,-15,-10,-38,-7,-5,9,-3,-4,-4,4,-4,-4,-29,-12,-14,10,-2,39,39,89,-46,20,20,29,-3,-3,14,17,-63,-47,-75,-75,-87,10,2,0,1,22,24,21,16,0,-45,-54,-45,-43,-46,-9,-15,-15,-12,-14,-21,86,19,-5,-20,-16,-20,-10,-9,-9,-9,-19,-24,-26,-31,-23,-24,-21,-80,-88,-86,-10,-10,0,13,0,0]} 1. c4 c6 2. d4 d5 3. cxd5 cxd5 4. Nc3 Nf6 5. e3 a6 6. Bd3 Nc6 7. f4 Bg4 8. Nge2 e6 9. O-O Bd6 10. Qe1 Bxe2 11. Qxe2 h5 12. g3 Rc8 13. Bd2 Nb4 14. Bb1 Nc6 15. Be1 Qe7 16. h3 Rh6 17. Qg2 Ng8 18. f5 Qg5 19. Qf3 Nf6 20. fxe6 fxe6 21. Kg2 h4 22. g4 Rh8 23. Bf2 Rf8 24. Qd1 Nh5 25. Qd3 Ng3 26. Qg6+ Qxg6 27. Bxg6+ Kd7 28. Bxg3 Bxg3 29. Na4 Kd6 30. Rxf8 Rxf8 31. Rf1 Rxf1 32. Kxf1 b5 33. Nc3 e5 34. Ne2 exd4 35. exd4 Ne7 36. Bd3 Nc6 37. Kg2 Be1 38. Kf3 Nb4 39. Bb1 Nc6 40. Ke3 Ba5 41. a3 g5 42. Ba2 Bb6 43. Kd3 b4 44. Ke3 bxa3 45. bxa3 Ne7 46. Nc3 Nc6 47. Nxd5 Bxd4+ 48. Ke4 1-0

[Event "57.SMM J.Richter/Lask BZ-Kaltern/Tramin"]
[Site "?"]
[Date "2025.11.08"]
[Round "1.1"]
[White "Panjkovic, Aleksandar"]
[Black "Unterweger, Jonas"]
[Result "1-0"]
[WhiteElo "2057"]
[BlackElo "2037"]
[PlyCount "111"]
[EventDate "2025.11.08"]

{[%evp 0,111,19,29,23,27,34,5,9,8,11,-2,10,18,24,-8,-10,-8,-9,-5,-8,0,-6,-33,-27,-31,-30,-35,-35,-39,-32,-36,-27,-24,-22,-43,-15,-37,-31,-60,-44,-69,-87,-81,-71,-71,-71,-66,-61,-54,-79,-82,-51,-44,-38,-116,-59,-122,-80,-67,-68,-68,-64,-62,-60,-60,2,0,2,4,36,36,40,36,35,31,20,33,36,46,43,42,44,33,33,31,33,33,42,33,60,42,86,53,50,59,371,112,299,286,286,280,510,425,577,575,1793,2410,2944,2970,29983,817,814,866]} 1. Nf3 d5 2. d4 Nf6 3. e3 e6 4. Bd3 c5 5. b3 Be7 6. O-O Nc6 7. a3 O-O 8. Nbd2 cxd4 9. exd4 b6 10. Bb2 Bb7 11. Ne5 Nxe5 12. dxe5 Ne4 13. Qe2 Nc5 14. Nf3 Rc8 15. Nd4 a6 16. Rac1 b5 17. f4 g6 18. Kh1 Qb6 19. Qg4 Nxd3 20. cxd3 Rxc1 21. Rxc1 Rc8 22. Rxc8+ Bxc8 23. b4 a5 24. bxa5 Qxa5 25. Qd1 Bd7 26. Qc1 Qa4 27. Nf3 Qb3 28. d4 Bf8 29. h3 h6 30. Kh2 Kg7 31. Nd2 Qe3 32. Nf3 Qe4 33. Bc3 b4 34. Bxb4 Bxb4 35. axb4 Bb5 36. Qd2 h5 37. Ng5 Qf5 38. Nf3 Bc4 39. Qe3 Qc2 40. Qd2 Qe4 41. Ng5 Qf5 42. Nf3 Qe4 43. Ng5 Qb1 44. Nf3 Kf8 45. Qe1 Qb3 46. Qh4 Ke8 47. Qf6 h4 48. Qxh4 Be2 49. Qh8+ Kd7 50. Ng5 Bf1 51. Qf8 Qc2 52. Qxf7+ Kd8 53. Nxe6+ Kc8 54. Qe8+ Kb7 55. Qd7+ Kb6 56. Qxd5 1-0

[Event "57.SMM J.Richter/Lask BZ-Kaltern/Tramin"]
[Site "?"]
[Date "2025.11.08"]
[Round "1.2"]
[White "Moncher, Stefano"]
[Black "Maier, Fridolin"]
[Result "1-0"]
[WhiteElo "2126"]
[BlackElo "1905"]
[PlyCount "99"]
[EventDate "2025.11.08"]

{[%evp 0,99,29,29,12,17,25,19,58,30,66,-7,72,23,61,46,57,19,32,-82,4,-76,177,113,123,66,68,65,69,54,79,59,59,55,52,53,73,72,93,96,96,99,129,146,143,140,133,118,117,124,127,124,139,136,152,145,159,124,123,114,121,38,32,52,63,-23,0,0,0,0,0,0,0,-84,0,0,47,46,138,137,274,279,285,279,438,449,505,522,562,599,1446,1450,1714,29965,29977,29984,29985,29986,29987,29986,29987,29988]} 1. e4 e5 2. Nf3 Nc6 3. Bb5 f5 4. Nc3 Nf6 5. d4 Nxd4 6. Nxd4 exd4 7. Qxd4 fxe4 8. Bg5 c6 9. O-O-O Be7 10. Nxe4 Nxe4 11. Qxe4 h6 12. Bxe7 Qxe7 13. Qg6+ Kd8 14. Bd3 Qg5+ 15. Qxg5+ hxg5 16. Rde1 d6 17. h3 Rf8 18. f3 Bf5 19. Bxf5 Rxf5 20. Re6 Kc7 21. Re7+ Kb6 22. Rhe1 Raf8 23. Rxg7 R8f7 24. Re7 Rxg7 25. Rxg7 Ka6 26. Rg6 d5 27. Kd2 Kb5 28. Re6 a5 29. Ke3 Kc4 30. g4 d4+ 31. Ke2 Rb5 32. f4 Rxb2 33. fxg5 Rxc2+ 34. Ke1 d3 35. g6 Kc3 36. Rd6 Re2+ 37. Kf1 Re7 38. h4 d2 39. h5 Rg7 40. Ke2 Re7+ 41. Kf3 c5 42. h6 Re6 43. Rxd2 Rxg6 44. Rh2 Rxh6 45. Rxh6 b5 46. g5 a4 47. g6 b4 48. g7 b3 49. axb3 axb3 50. g8=Q 1-0

[Event "57.SMM J.Richter/Lask BZ-Kaltern/Tramin"]
[Site "?"]
[Date "2025.11.08"]
[Round "1.3"]
[White "Dibiasi, Rainer"]
[Black "Bevilacqua, Maurizio"]
[Result "0-1"]
[WhiteElo "1875"]
[BlackElo "2065"]
[PlyCount "90"]
[EventDate "2025.11.08"]

{[%evp 0,90,21,25,53,40,53,0,20,20,20,-1,6,4,25,3,3,-1,5,1,6,10,26,-6,-4,15,-15,-62,-9,-24,-24,-44,-46,-185,-184,-156,-93,-102,-104,-93,-92,-122,-104,-121,-138,-163,-135,-132,-116,-116,-161,-217,-79,-150,-148,-180,-117,-122,-221,-220,-127,-205,-249,-269,-159,-221,-192,-337,-318,-277,-542,-669,-636,-1263,-597,-1013,-534,-1294,-308,-303,-267,-713,-438,-567,-597,-597,-588,-1325,-349,-366,-362,-29995,-29996]} 1. e4 c5 2. Nc3 Nc6 3. g3 g6 4. Bg2 Bg7 5. Nge2 d6 6. d3 e5 7. Be3 Nge7 8. Qd2 Nd4 9. O-O Be6 10. Kh1 d5 11. exd5 Nxd5 12. Ne4 Rc8 13. Ng1 Nxe3 14. fxe3 Nf5 15. Qf2 O-O 16. Nxc5 Rxc5 17. e4 Nxg3+ 18. hxg3 b6 19. Nf3 f5 20. Bh3 Kh8 21. exf5 gxf5 22. Nh4 Bd5+ 23. Kh2 f4 24. c4 Bb7 25. Rad1 Qg5 26. g4 e4 27. dxe4 Bxe4 28. b3 f3 29. Rfe1 Qf4+ 30. Kh1 Rg5 31. Rg1 Re8 32. Rde1 Kg8 33. Nf5 Bf8 34. Nd4 Bc5 35. Rd1 Bb7 36. Rg3 Re3 37. Nf5 Re8 38. Qb2 f2+ 39. Kh2 Rg6 40. Rd7 Bf8 41. Rxb7 f1=N+ 42. Bxf1 Qxf1 43. Rg2 Bh6 44. g5 Qxf5 45. gxh6 Qf4+ 0-1

[Event "57.SMM J.Richter/Lask BZ-Kaltern/Tramin"]
[Site "?"]
[Date "2025.11.08"]
[Round "1.4"]
[White "Billio, Atto"]
[Black "Thaler, Elmar"]
[Result "1-0"]
[WhiteElo "2029"]
[BlackElo "1869"]
[PlyCount "106"]
[EventDate "2025.11.08"]

{[%evp 0,106,25,21,27,-18,-10,-10,27,18,8,-4,41,18,20,21,15,12,0,-23,-5,-48,-34,-42,-16,-20,-24,-17,-15,-27,-27,-19,5,-22,-26,-17,8,-9,-19,-1,10,-35,-28,-28,-14,-8,-10,-10,-17,2,46,-17,14,-22,-15,-14,-2,3,20,27,31,0,26,4,3,7,16,15,31,28,37,40,55,56,69,69,74,73,75,75,65,70,71,75,77,94,170,219,262,283,283,325,337,337,471,619,625,712,869,920,925,925,1002,972,1013,1101,1111,1117,1154]} 1. Nf3 d5 2. g3 Nf6 3. Bg2 e6 4. O-O Be7 5. c4 c6 6. b3 O-O 7. Bb2 b5 8. cxb5 cxb5 9. Qc2 Bb7 10. Nd4 a6 11. d3 Qd7 12. Nd2 Rc8 13. Qd1 Nc6 14. N2f3 Nxd4 15. Bxd4 Ne8 16. Ne5 Qd8 17. Bh3 Qd6 18. Qd2 Rc7 19. f4 Qb4 20. Qb2 Bc5 21. Nf3 Bxd4+ 22. Qxd4 Qxd4+ 23. Nxd4 g6 24. Kf2 Kf8 25. Ke3 Rac8 26. Kd2 Ke7 27. b4 Nf6 28. Rfc1 Nd7 29. Rxc7 Rxc7 30. Nb3 Kd6 31. Rc1 Rxc1 32. Kxc1 f6 33. Kd2 Ba8 34. d4 f5 35. Nc5 Nxc5 36. dxc5+ Ke7 37. Kc3 Bc6 38. Kd4 Kf6 39. e3 h5 40. Bg2 Bd7 41. Bf1 Bc6 42. a4 Bd7 43. axb5 axb5 44. c6 Bxc6 45. Kc5 Ba8 46. Bxb5 e5 47. fxe5+ Kxe5 48. Bc6 Bxc6 49. Kxc6 g5 50. b5 h4 51. b6 f4 52. gxf4+ gxf4 53. exf4+ Ke4 {

[Event "57.SMM SK Steinegg/Rk-CSK Merania"]
[Site "Shredder fur iPad"]
[Date "2025.11.08"]
[Round "1.1"]
[White "Bonagura, Stefano"]
[Black "Engel, Stefan"]
[Result "0-1"]
[WhiteElo "2160"]
[BlackElo "2022"]
[PlyCount "107"]
[EventDate "2025.??.??"]

{[%evp 0,107,19,31,33,12,74,40,27,25,23,18,13,23,28,37,23,25,8,17,17,20,20,3,5,12,22,11,22,13,25,31,30,1,-5,-15,-9,0,45,74,93,29,29,18,22,24,27,-15,-9,-28,-27,-245,-175,-211,-232,-333,-205,-334,-333,-345,-332,-332,-334,-331,-327,-331,-331,-328,-326,-337,-325,-325,-337,-329,-342,-352,-348,-353,-363,-369,-380,-411,-353,-355,-356,-379,-379,-379,-389,-427,-435,-435,-449,-449,-453,-452,-454,-472,-510,-1011,-536,-640,-720,-797,-631,-797,-785,-28042,-29966,-29967]} 1. d4 e6 2. Nf3 f5 3. e3 Nf6 4. Bd3 b6 5. O-O Bb7 6. c4 Nc6 7. Nc3 Bb4 8. Bd2 O-O 9. a3 Bxc3 10. Bxc3 Ne4 11. Qc2 Nxc3 12. Qxc3 Qf6 13. Rfe1 Ne7 14. e4 c5 15. Rad1 Ng6 16. d5 Qxc3 17. bxc3 Nf4 18. Bc2 Rfe8 19. g3 fxe4 20. Bxe4 exd5 21. cxd5 Rxe4 22. Rxe4 Nxd5 23. Rd3 Nb4 24. Rxb4 cxb4 25. Ne5 Re8 26. f4 bxa3 27. c4 d6 28. Rxa3 dxe5 29. Rxa7 Be4 30. fxe5 Rxe5 31. Ra6 Bd3 32. Rxb6 Bxc4 33. Rb4 Be6 34. Kf2 Ra5 35. h4 Ra3 36. g4 Kf7 37. Rf4+ Kg6 38. Re4 Kf6 39. Rf4+ Ke5 40. Rb4 Rb3 41. Ra4 Rh3 42. h5 Kf6 43. Ra6 h6 44. Ra4 Kg5 45. Ra7 Bxg4 46. Rxg7+ Kxh5 47. Ra7 Kh4 48. Kg2 h5 49. Ra5 Rb3 50. Ra2 Re3 51. Kf2 Rb3 52. Ra5 Rb2+ 53. Kf1 Kg3 54. Ra3+ 0-1

[Event "57.SMM SK Steinegg/Rk-CSK Merania"]
[Site "Shredder fur iPad"]
[Date "2025.11.08"]
[Round "1.2"]
[White "Pichler Martin"]
[Black "Zuev Mikhail"]
[Result "1/2-1/2"]
[WhiteElo "1962"]
[BlackElo "1917"]
[PlyCount "59"]
[EventDate "2025.??.??"]

{[%evp 0,59,19,38,51,73,65,63,54,44,67,17,40,37,31,22,9,12,33,10,0,0,36,35,35,23,32,39,36,30,54,41,25,34,122,27,39,46,68,-9,3,-4,-8,-2,-15,4,4,-11,-2,-1,8,12,0,0,17,-39,47,47,22,12,19,22]} 1. e4 c6 2. d4 d5 3. exd5 cxd5 4. Bf4 Nc6 5. c3 Nf6 6. Nd2 Bf5 7. Ngf3 e6 8. Qb3 Qc8 9. Be2 Be7 10. Nh4 Bg6 11. Nxg6 hxg6 12. Bd3 Nh5 13. Be3 a6 14. O-O b5 15. Rfc1 Qc7 16. g3 Bd6 17. Nf1 Na5 18. Qc2 Nc4 19. Bxc4 bxc4 20. Bg5 Nf6 21. Bxf6 gxf6 22. b3 f5 23. bxc4 Qxc4 24. Ne3 Qc7 25. Qe2 O-O 26. c4 dxc4 27. d5 Be5 28. Rxc4 Qb7 29. Rd1 exd5 30. Nxd5 1/2-1/2

[Event "57.SMM SK Steinegg/Rk-CSK Merania"]
[Site "Shredder fur iPad"]
[Date "2025.11.08"]
[Round "1.3"]
[White "Wieser, Christoph"]
[Black "Lantschner, Carmen"]
[Result "1-0"]
[WhiteElo "1882"]
[BlackElo "1833"]
[PlyCount "67"]
[EventDate "2025.??.??"]

{[%evp 0,67,28,28,83,75,98,43,62,71,67,37,47,-1,-21,-18,1,0,5,-3,12,50,47,-14,2,21,75,38,50,60,233,239,310,92,109,21,175,167,106,88,304,470,581,782,758,775,847,1112,1863,1227,29987,997,964,626,862,871,871,716,716,844,935,972,1348,1621,1889,2384,29993,29994,29995,29996]} 1. e4 d6 2. Nc3 g6 3. f4 Bg7 4. Nf3 c5 5. Bc4 Nf6 6. e5 dxe5 7. fxe5 Ng4 8. e6 f5 9. d3 Ne5 10. Nxe5 Bxe5 11. Be3 Qb6 12. Nd5 Qxb2 13. Rb1 Qa3 14. Rb5 b6 15. Rb3 Qxa2 16. O-O Ba6 17. Nc3 Qa5 18. Nb5 Nc6 19. Ra3 Qb4 20. Rxa6 Na5 21. c3 Bxc3 22. Nc7+ Kd8 23. Nxa8 Nc6 24. Nxb6 axb6 25. Ra8+ Kc7 26. Bf4+ Kb7 27. Ra4 Qb2 28. Ba6+ Ka7 29. Bc1 Bd4+ 30. Kh1 Qc3 31. Qf3 Nd8 32. Bc4+ Kb8 33. Qa8+ Kc7 34. Ra7+ 1-0

[Event "57.SMM SK Steinegg/Rk-CSK Merania"]
[Site "Shredder fur iPad"]
[Date "2025.11.08"]
[Round "1.4"]
[White "Schroffenegger, Simon"]
[Black "Battiston, Claudio"]
[Result "1/2-1/2"]
[WhiteElo "1715"]
[BlackElo "1878"]
[PlyCount "119"]
[EventDate "2025.??.??"]

{[%evp 0,119,20,10,17,19,7,30,-2,-37,-36,-47,-57,-61,-50,-39,-33,-86,-55,-61,1,-15,-28,-28,10,8,17,17,29,17,20,21,20,26,32,33,45,30,49,24,46,17,8,4,12,0,-8,-37,16,-13,24,-27,-2,-34,14,26,-34,5,-27,-7,0,-63,-54,-44,-36,-25,-27,-18,20,32,54,51,41,36,63,53,37,0,0,0,66,48,75,85,103,96,102,94,101,97,104,105,98,83,105,70,112,115,130,65,124,106,124,124,124,116,163,160,160,163,213,147,190,79,107,42,38,38,68,35,38,35]} 1. e4 e5 2. f4 Bc5 3. Nf3 d6 4. Bc4 Nc6 5. d3 Nf6 6. c3 a6 7. fxe5 Nxe5 8. Nxe5 dxe5 9. h3 h6 10. Qf3 O-O 11. Be3 Qe7 12. Nd2 b5 13. Bb3 Bxe3 14. Qxe3 Be6 15. O-O Bxb3 16. Nxb3 Rad8 17. Rf5 Rd6 18. Raf1 Nd7 19. R1f3 Rf6 20. d4 Rxf5 21. Rxf5 f6 22. Nd2 Re8 23. Rf3 Qd6 24. Rg3 Kh8 25. Rg6 Nf8 26. Rg4 Rd8 27. d5 c6 28. c4 bxc4 29. Nxc4 Qb4 30. Qb6 Qxb6+ 31. Nxb6 Rb8 32. Nc4 cxd5 33. exd5 Nd7 34. b3 Kg8 35. Nd6 Kf8 36. Nf5 g5 37. Nxh6 Rb5 38. d6 Rd5 39. Nf5 e4 40. Ne3 Rxd6 41. Rxe4 Ne5 42. Kf1 Kf7 43. Nc4 Nxc4 44. Rxc4 Ke6 45. Ke2 Ke5 46. h4 gxh4 47. Rxh4 f5 48. Ke3 Rg6 49. Ra4 Rd6 50. g3 Ke6 51. Rd4 Rc6 52. Kf4 Rc5 53. Rc4 Ra5 54. a4 Kd6 55. Ke3 Re5+ 56. Kd3 a5 57. g4 fxg4 58. Rxg4 Kc5 59. Rc4+ Kb6 60. Rd4 1/2-1/2

[Event "57.SMM SK Steinegg/Rk-CSK Merania"]
[Site "Shredder fur iPad"]
[Date "2025.11.08"]
[Round "1.5"]
[White "Gleridis, Alexandros"]
[Black "Schgaguler, Gunther"]
[Result "1-0"]
[WhiteElo "1733"]
[BlackElo "1694"]
[PlyCount "148"]
[EventDate "2025.??.??"]

{[%evp 0,148,39,17,45,41,36,-1,71,53,80,68,72,51,50,41,45,32,48,40,44,29,71,34,115,98,125,112,126,112,113,113,108,95,155,148,148,148,129,134,139,144,135,50,61,55,65,65,67,62,59,60,73,44,78,68,81,95,231,233,251,250,247,251,256,275,275,276,274,260,279,249,271,259,279,263,274,232,258,252,256,249,257,217,283,285,277,273,293,280,339,298,302,325,358,339,358,358,358,358,358,356,353,337,355,353,346,337,346,323,327,328,387,387,389,389,389,391,392,392,392,392,392,392,392,392,392,392,392,392,393,-22,619,570,590,592,636,653,680,682,682,693,731,731,847,727,774,797,805,852,884]} 1. e4 e6 2. d4 d5 3. Bd3 Ne7 4. Nf3 Ng6 5. O-O Be7 6. c3 O-O 7. Be3 Nd7 8. Nbd2 Nf6 9. e5 Ng4 10. Qe2 Qe8 11. Ng5 Nh6 12. Qh5 f5 13. exf6 Bxf6 14. Ndf3 Kh8 15. Rae1 Bd7 16. Bd2 Bxg5 17. Nxg5 Rf6 18. Nf3 Nf4 19. Qxe8+ Rxe8 20. Bxf4 Rxf4 21. Re2 Nf7 22. Rfe1 g6 23. Re3 Kg7 24. g3 Rf6 25. Kg2 a6 26. h4 Rf8 27. Nh2 Nh6 28. f4 Nf7 29. Ng4 Nh6 30. Nxf6 Kxf6 31. b3 Rf7 32. Re5 Ng4 33. Rg5 Nh6 34. Rge5 Ng4 35. R5e2 Nh6 36. Kf3 Ke7 37. Re5 Kd6 38. Bf1 Rf6 39. g4 Nf7 40. g5 Rf5 41. Bh3 Rxe5 42. fxe5+ Ke7 43. Ke3 Nd8 44. c4 c6 45. Kf4 Nf7 46. c5 Nh8 47. Kg4 Nf7 48. Rf1 Be8 49. Rf6 Nd8 50. Kg3 Bf7 51. Bg4 Be8 52. Rf2 Bf7 53. Rh2 Kf8 54. h5 Kg7 55. hxg6 hxg6 56. Be2 Be8 57. Bd3 Bf7 58. b4 Be8 59. Rh6 Bf7 60. Kf2 Be8 61. Ke1 Bf7 62. Kd2 Be8 63. Kc3 Bf7 64. Kb3 Be8 65. Bxg6 Bf7 66. Bxf7 Nxf7 67. Rxe6 Nxg5 68. Re7+ Kg6 69. Rxb7 Ne6 70. Kc3 Kf5 71. Re7 Ng5 72. Ra7 Ke4 73. Rxa6 Ne6 74. Rxc6 Nxd4 1-0

[Event "57.SMM SK Steinegg/Rk-CSK Merania"]
[Site "Shredder fur iPad"]
[Date "2025.11.08"]
[Round "1.6"]
[White "Lantschner, Alexander"]
[Black "Unterberger, Celina"]
[Result "0-1"]
[WhiteElo "1581"]
[BlackElo "1673"]
[PlyCount "56"]
[EventDate "2025.??.??"]

{[%evp 0,56,41,10,36,54,36,39,52,27,93,41,73,54,52,50,48,36,47,21,51,36,38,6,-1,-1,38,24,52,41,65,80,76,17,-9,-27,-2,-171,-167,-302,-302,-564,-1120,-1283,-755,-1899,-2181,-29985,-29986,-29987,-29988,-29989,-29990,-29993,-29990,-29995,-29996,-29997,-29998]} 1. e4 d5 2. exd5 Nf6 3. Nf3 Bg4 4. h3 Bh5 5. Be2 Qxd5 6. Nc3 Qd7 7. O-O Nc6 8. d3 O-O-O 9. Bf4 h6 10. Ne5 Bxe2 11. Nxe2 Nxe5 12. Bxe5 Rg8 13. d4 g5 14. c3 h5 15. Qb3 Nd5 16. f3 Bh6 17. Bh2 g4 18. h4 Ne3 19. Rf2 gxf3 20. Rxf3 Rxg2+ 21. Kh1 Rxe2 22. Qxf7 Qg4 23. Rg3 Rxh2+ 24. Kxh2 Qxh4+ 25. Rh3 Bf4+ 26. Kg1 Qxh3 27. Kf2 Qg2+ 28. Ke1 Bg3+ 0-1